|
|
|
|
| LEADER |
01638nam a2200265 i 4500 |
| 001 |
GR-Patra22258 |
| 003 |
GR-PaULI |
| 005 |
20250401141258.0 |
| 008 |
070713s2004 gr g 000 j gre d |
| 020 |
|
|
|a 9789600342420
|
| 040 |
|
|
|a GrPaTEI
|b gre
|c GR-PaULI
|
| 082 |
0 |
4 |
|2 23
|a 863.64
|
| 100 |
1 |
|
|a Aira, César,
|d 1949-
|e συγγραφέας.
|
| 245 |
1 |
0 |
|a Βαράμο :
|b ένα επεισόδιο απο τη ζωή του ταξιδευτή ζωγράφου : δύο νουβέλες /
|c Σεσάρ Αΐρα ; μετάφραση απο τα ισπανικά Κώστας Αθανασίου.
|
| 260 |
|
|
|a Αθήνα :
|b Καστανιώτης,
|c 2004.
|
| 300 |
|
|
|a 218 σ. :
|c 21 εκ.
|
| 490 |
1 |
|
|a Συγγραφείς απ' όλο τον κόσμο / Καστανιώτη
|
| 700 |
1 |
|
|a Αθανασίου, Κώστας
|e μεταφραστής.
|
| 830 |
|
0 |
|a Συγγραφείς απο όλο τον κόσμο (Καστανιώτης)
|9 180627
|
| 942 |
|
|
|2 ddc
|c BK
|
| 952 |
|
|
|0 0
|1 0
|2 ddc
|4 0
|6 Δ_AIR
|7 0
|9 302365
|a LISK
|b LISK
|c BSC
|d 2021-01-17
|e 24
|f 0
|g 0.00
|l 0
|o Δ AIR
|p 92410031977
|r 2021-01-17 00:00:00
|t 1
|w 2021-01-17
|y BK15
|x 20070713 0 1
|x GrPaTEI
|
| 952 |
|
|
|0 0
|1 0
|2 ddc
|4 0
|6 Δ_AIR
|7 0
|9 302366
|a LISK
|b LISK
|c BSC
|d 2021-01-17
|e 24
|f 0
|g 0.00
|l 0
|o Δ AIR
|p 92410031978
|r 2021-01-17 00:00:00
|t 1
|w 2021-01-17
|y BK15
|x 20070713 0 1
|x GrPaTEI
|
| 952 |
|
|
|0 0
|1 0
|2 ddc
|4 0
|6 863_640000000000000_AIR
|7 0
|9 389036
|a LISP
|b LISP
|c BSC
|d 2025-04-01
|e ΚΟΤ
|i 370934
|l 0
|o 863.64 AIR
|p 025000310088
|r 2025-04-01 13:50:25
|t 3
|w 2025-04-01
|y BK
|z Δωρεά Ελισάβετ και Παναγιώτη Κοτζιά
|z 2007
|
| 998 |
|
|
|c ΣΑΤΛΑΝΗΣ
|d 2025-04
|
| 999 |
|
|
|c 175712
|d 175712
|